000 01013nam a2200277Ia 4500
003 OSt
005 20221005110454.0
006 a|||||r|||| 00| 0
007 ta
008 221004b |||||||| |||| 00| 0 hin d
020 _a9788121407007 (hbk)
_cINR 350.00
024 _a41558
037 _b302, 25/02/2019, Eastern Book Linkers
_cTextual
040 _aCRL
_cCRL
_bhin
041 _2hin
_ahin
082 _aO152,3N47x, Q2
100 _aगुप्ता, अशोक, ले.
245 0 _aहरे रंग का खरगोश
246 _aHare ranga kā kharagosha
260 _aनई दिल्ली
_bनेशनल पब्लिशिंग हाउस नयी
_c2012
300 _a203पृ0
_ccm.
650 _a हिन्दी साहित्य
650 _aहिन्दी कहानी
942 _hO152,3N47x, Q2
_cTEXL
_2cc
999 _c1018928
_d1018928